| 000 | 00824nam a2200217 i 4500 | ||
|---|---|---|---|
| 001 | 102235 | ||
| 003 | ES-MaACL | ||
| 005 | 20251120063137.0 | ||
| 007 | t| | ||
| 008 | 051107s1906 sp ||||1| spa d | ||
| 100 | 1 |
_aMenéndez Pidal, Juan, _d1861-1915 _980314 |
|
| 245 | 1 | 0 |
_aLeyendas del último Rey godo _b: (notas e investigaciones) / _cJuan Menéndez Pidal. |
| 260 |
_aMadrid : _b[s.n.], _c1906 ( _fTip. de la "Revista de Arch., Bibl. y Mus.") |
||
| 300 |
_a200 p. ; _c16 cm. |
||
| 600 | 1 | 4 |
_aRodrigo _cRey de los Visigodos. _9156818 |
| 650 | 4 |
_aLeyendas- _zEspaña- _xHistoria y crítica. _9159356 |
|
| 651 | 7 |
_aEspaña- _xHistoria- _y0414-0711, Época visigoda _2 _9162046 |
|
| 651 | 4 |
_aAl-Andalus- _xHistoria- _y711-756, Emirato dependiente. _9155942 |
|
| 852 |
_aES-MaACL _jF-3129 |
||
| 999 |
_c102235 _d102235 |
||